000 01133naa a22003017a 4500
001 BR7405914
003 BR-BrBNA
005 20240918173651.0
007 ta
008 230509b bl.||||| |||| 00| 0 por d
040 _aBR-BrBNA
_bpor
_cBiblioteca Nacional de Agricultura
041 _a(Pt)
072 _aF28
_b/G514
090 _aF28 BR7405914
100 1 _aArcangelo, M.
111 1 _a14. Congresso Brasileiro de Ciencia do Solo
_cSanta Maria, RS (Brazil)
_d16 Jul 1973
245 1 _aPesquisas sobre erosao de solos no estado do Rio Grande do Sul, atraves de simuladores de chuva [Brasil]
260 3 _aRio de Janeiro, GB (Brasil):
_c1974.
500 _aAnais do 14. Congresso Brasileiro de Ciencia do Solo Rio de Janeiro, GB (Brasil): 1974. p. 678-679 (BR7405914-AM)F28
650 _aEROSAO DO SOLO
650 _aSIMULADOR DE CHUVA
650 _aCHUVA ARTIFICIAL
650 _aSOLO
650 _aRIO GRANDE DO NORTE
773 0 _tAnais do 14. Congresso Brasileiro de Ciencia do Solo
_wF28 BR7405914
_gRio de Janeiro, GB (Brasil), 1974. p. 678-679
909 _a202404
_bLucia
_c55
_dLucia Elande
942 _cAM
_2AGRIS
999 _c306079
_d306079